000 00596nam a2200217Ia 4500
005 20260429111931.0
008 260429s9999||||xx |||||||||||||| ||und||
020 _a9789357515689
041 _aEnglish
082 _a338.4791
_bKUM
100 _aKumari, Purnima
245 0 _aInformation technology and tourism /
_cPurnima Kumari
250 _a1st ed.
260 _aNew Delhi :
_bRandom Publications LLP,
_c2024.
300 _axii, 264 p.; hb
650 _a Digital tourism
650 _a E-tourism
650 _a Information technology
650 _aTourism management
942 _cTB
999 _c51497
_d51497